[Event "17e tournoi d'automne - tournoi B"]
[Site "Montigny le Bretonneux"]
[Date "2018.10.24"]
[Round "5.3"]
[White "Branson, James"]
[Black "Sagon, Lancelot"]
[Result "0-1"]
[WhiteElo "1582"]
[BlackElo "1673"]
[Annotator "Rivier,Sylvain"]
[PlyCount "86"]
[EventDate "2018.??.??"]

{D�fense sicilienne, syst�me ferm�} 1. e4 c5 2. Nc3 Nc6 3. f4 g6 4. Bc4 Bg7 5.
Nf3 d6 6. O-O Nf6 7. d3 O-O 8. Qe1 Qc7 9. Qh4 Na5 10. Nd5 Nxd5 11. exd5 Nxc4
12. dxc4 e6 13. Ng5 h6 14. Ne4 Qd8 15. Qg3 exd5 16. cxd5 Bf5 17. Re1 Re8 18.
Nc3 Bxc2 19. Bd2 Qd7 20. Rf1 Re7 21. Qf3 Rae8 22. g4 Bd4+ 23. Kg2 Bxc3 24. Qxc3
Qxg4+ 25. Qg3 Re2+ 26. Kg1 Qxg3+ 27. hxg3 Rxd2 28. Rf2 Ree2 29. Rxe2 Rxe2 30.
Rc1 Bf5 31. b4 Rd2 32. bxc5 Rxd5 33. c6 bxc6 34. Rxc6 Ra5 35. Rxd6 Rxa2 36.
Rd8+ Kg7 37. Ra8 a5 38. Kf1 a4 39. Ke1 a3 40. Kd1 Ra1+ 41. Kd2 a2 42. g4 Bxg4
43. Kc2 Rf1 0-1

[Event "17e tournoi d'automne - tournoi B"]
[Site "Montigny le Bretonneux"]
[Date "2018.10.24"]
[Round "5.4"]
[White "Gazay, Didier"]
[Black "Fruchard, Alois"]
[Result "1-0"]
[WhiteElo "1657"]
[BlackElo "1405"]
[Annotator "Rivier,Sylvain"]
[PlyCount "79"]
[EventDate "2018.??.??"]

{Ouverture anglaise, variante de Breme} 1. c4 Nf6 2. g3 g6 3. Bg2 Bg7 4. e4 d6
5. Nc3 O-O 6. Nge2 Nc6 7. O-O e5 8. h3 b6 9. d3 Bb7 10. Be3 Nd7 11. a3 Nd4 12.
Rb1 Nc5 13. b4 Nce6 14. Qd2 f5 15. f4 fxe4 16. dxe4 Qe7 17. Nd5 Bxd5 18. cxd5
Nxe2+ 19. Qxe2 Nd4 20. Bxd4 exd4 21. Qd3 Rac8 22. Rbc1 Rf7 23. Rc6 Rcf8 24.
Rfc1 Qd8 25. h4 h6 26. Bh3 Kh8 27. Rf1 g5 28. hxg5 hxg5 29. Bf5 gxf4 30. Rxf4
Be5 31. Rh4+ Kg8 32. Be6 a6 33. Qf3 Qf6 34. Rg4+ Kh8 35. Qh1+ Rh7 36. Qxh7+
Kxh7 37. Bf5+ Kh6 38. Rxc7 Rf7 39. Rc2 Rg7 40. Rh2+ 1-0

[Event "17e tournoi d'automne - tournoi B"]
[Site "Montigny le Bretonneux"]
[Date "2018.10.24"]
[Round "5.5"]
[White "Couronne, Patrice"]
[Black "Flamand, Arthur"]
[Result "0-1"]
[WhiteElo "1614"]
[BlackElo "1495"]
[Annotator "Rivier,Sylvain"]
[PlyCount "34"]
[EventDate "2018.??.??"]

{Partie du pion dame} 1. d4 d5 2. Nf3 Nc6 3. g3 Bf5 4. a3 g6 5. Bg2 Bg7 6. Bf4
f6 7. Nc3 e5 8. dxe5 fxe5 9. Bg5 Bf6 10. Nxd5 Bxg5 11. Nxg5 Nd4 12. e4 Qxg5 13.
Nxc7+ Kd7 14. Nxa8 Bg4 15. Qd3 Be2 16. Qc3 Qd8 17. Qa5 Qxa5+ 0-1

[Event "17e tournoi d'automne - tournoi B"]
[Site "Montigny le Bretonneux"]
[Date "2018.10.25"]
[Round "6.1"]
[White "Fayolle, Guy"]
[Black "Fruchard, Alois"]
[Result "1-0"]
[WhiteElo "1677"]
[BlackElo "1405"]
[Annotator "Rivier,Sylvain"]
[PlyCount "67"]
[EventDate "2018.??.??"]

{D�fense Pirc} 1. e4 d6 2. d4 Nf6 3. Nc3 g6 4. Be3 Bg7 5. f3 O-O 6. Qd2 Re8 7.
O-O-O Nbd7 8. g4 e5 9. d5 a5 10. h4 h5 11. Bg5 Nc5 12. gxh5 gxh5 13. Nge2 Qd7
14. Bh3 Qe7 15. Bxc8 Rexc8 16. Ng3 Qf8 17. Bxf6 Bxf6 18. Nxh5 Nd7 19. Nxf6+
Nxf6 20. Qg5+ Qg7 21. Qf5 Qh6+ 22. Kb1 Kh8 23. Nb5 a4 24. Rdg1 Rg8 25. Nxc7 Ra5
26. Rxg8+ Kxg8 27. Rg1+ Kh8 28. Qc8+ Kh7 29. Ne8 Nxe8 30. Qxe8 Qf6 31. Qg8+ Kh6
32. Rg5 a3 33. Qf8+ Kh7 34. Rh5+ 1-0

[Event "17e tournoi d'automne - tournoi B"]
[Site "Montigny le Bretonneux"]
[Date "2018.10.25"]
[Round "6.2"]
[White "Couradin, Jean-Marie"]
[Black "Gazay, Didier"]
[Result "0-1"]
[WhiteElo "1613"]
[BlackElo "1657"]
[Annotator "Rivier,Sylvain"]
[PlyCount "46"]
[EventDate "2018.??.??"]

{D�fense fran�aise, variante d'avance} 1. e4 e6 2. d4 d5 3. e5 c5 4. Nf3 Nc6 5.
Bd3 c4 6. Be2 b5 7. c3 a5 8. O-O Be7 9. Re1 h5 10. g3 h4 11. Nbd2 Nh6 12. Nf1
Kd7 13. b3 Kc7 14. bxc4 dxc4 15. a4 Ba6 16. axb5 Bxb5 17. Ba3 hxg3 18. hxg3 g6
19. Ne3 Bxa3 20. Rxa3 Nf5 21. Nxc4 Qf8 22. Ra1 Qh6 23. Kf1 Qh3+ 0-1

[Event "17e tournoi d'automne - tournoi B"]
[Site "Montigny le Bretonneux"]
[Date "2018.10.25"]
[Round "6.3"]
[White "Sagon, Lancelot"]
[Black "Vadillo, Torre Ismael"]
[Result "1-0"]
[WhiteElo "1673"]
[BlackElo "1622"]
[Annotator "Rivier,Sylvain"]
[PlyCount "111"]
[EventDate "2018.??.??"]

{D�fense des deux cavaliers} 1. e4 e5 2. Nf3 Nc6 3. Bc4 Be7 4. Nc3 Nf6 5. O-O
d6 6. d4 Bg4 7. dxe5 Nxe5 8. Be2 Ng6 9. h3 Be6 10. Bd3 O-O 11. Qe2 Nd7 12. Be3
Bf6 13. Bd4 Nf4 14. Qe3 Ng6 15. Rad1 Be7 16. e5 c5 17. exd6 Bxd6 18. Bxg6 cxd4
19. Nxd4 Re8 20. Bd3 Bc5 21. Nxe6 Rxe6 22. Qf3 Qe8 23. Bf5 Ne5 24. Qd5 Rf6 25.
Bxh7+ Kxh7 26. Qxc5 Re6 27. Qd4 Ng6 28. Qd7 Re7 29. Qxe8 Raxe8 30. Rd2 Ne5 31.
Re2 b5 32. a3 a5 33. f4 b4 34. Rxe5 Rxe5 35. fxe5 bxc3 36. bxc3 Rxe5 37. Rxf7
Rc5 38. Ra7 Kg6 39. Kf2 Rxc3 40. Rxa5 Rxc2+ 41. Kg3 Rc3+ 42. Kh2 Kf6 43. h4 g6
44. g3 Rc2+ 45. Kh3 Rc3 46. a4 Rc6 47. Ra8 Ke7 48. a5 Kd7 49. Kg4 Kc7 50. Kg5
Kb7 51. Rg8 Rc5+ 52. Kxg6 Rxa5 53. g4 Kc7 54. Re8 Ra4 55. Kh5 Kd7 56. Re1 1-0

[Event "17e tournoi d'automne - tournoi B"]
[Site "Montigny le Bretonneux"]
[Date "2018.10.25"]
[Round "6.4"]
[White "Sondermeijer, Damien"]
[Black "Couronne, Patrice"]
[Result "1/2-1/2"]
[WhiteElo "1410"]
[BlackElo "1614"]
[Annotator "Rivier,Sylvain"]
[PlyCount "85"]
[EventDate "2018.??.??"]

{D�fense sicilienne, attaque Canal-Sokolsky} 1. e4 c5 2. Nf3 Nc6 3. Bb5 d6 4.
O-O Bd7 5. Re1 g6 6. c3 Bg7 7. d4 cxd4 8. cxd4 a6 9. Bf1 Nf6 10. h3 O-O 11. Nc3
Re8 12. Be3 Kh8 13. Qd2 b5 14. Bd3 Rc8 15. Bh6 Qb6 16. Be3 Qb7 17. Bh6 Na5 18.
e5 dxe5 19. dxe5 Bxh6 20. Qxh6 Ng8 21. Qh4 Kg7 22. Qd4 Nc6 23. Be4 Nxd4 24.
Bxb7 Rc7 25. Nxd4 Rxb7 26. e6 fxe6 27. Nxe6+ Bxe6 28. Rxe6 b4 29. Nd5 Rd8 30.
Rb6 Rxb6 31. Nxb6 Rd2 32. a3 b3 33. Rb1 Rd4 34. Rc1 Nf6 35. Rc3 Rd1+ 36. Kh2
Ne4 37. Rxb3 Nxf2 38. Re3 Rd2 39. Rxe7+ Kh6 40. Na4 Nd1 41. Re6 Nxb2 42. Nxb2
Rxb2 43. Rxa6 1/2-1/2

[Event "17e tournoi d'automne - tournoi B"]
[Site "Montigny le Bretonneux"]
[Date "2018.10.25"]
[Round "6.5"]
[White "Flamand, Arthur"]
[Black "Branson, James"]
[Result "1-0"]
[WhiteElo "1495"]
[BlackElo "1582"]
[Annotator "Rivier,Sylvain"]
[PlyCount "121"]
[EventDate "2018.??.??"]

{Ouverture Bird} 1. f4 d5 2. e3 c5 3. Bb5+ Nd7 4. Nf3 Ngf6 5. O-O Qb6 6. Qe2 a6
7. Bxd7+ Bxd7 8. Ne5 Bb5 9. d3 g6 10. a4 Bc6 11. a5 Qc7 12. Nd2 Rc8 13. g4 Bg7
14. Ndf3 O-O 15. f5 Nd7 16. Nxc6 Qxc6 17. e4 Ne5 18. Nxe5 Bxe5 19. Re1 Bd4+ 20.
Kh1 c4 21. c3 cxd3 22. Qxd3 Be5 23. exd5 Qd6 24. Re2 e6 25. Qe4 Bg7 26. dxe6
gxf5 27. gxf5 fxe6 28. Qxe6+ Qxe6 29. fxe6 Rf5 30. e7 Kf7 31. Bd2 Re8 32. Rg1
Bf6 33. Rge1 Rxe7 34. Rxe7+ Bxe7 35. Kg2 Bc5 36. Rf1 Ke6 37. Rxf5 Kxf5 38. Kf3
h5 39. b4 Bg1 40. h3 Ba7 41. Be3 Bb8 42. c4 Be5 43. Bd2 Bd4 44. b5 Bc5 45. Be3
Bb4 46. Bb6 Ke5 47. bxa6 bxa6 48. c5 Kd5 49. Kf4 Bd2+ 50. Kf5 Be3 51. h4 Bxc5
52. Bxc5 Kxc5 53. Kg5 Kb5 54. Kxh5 Kxa5 55. Kg4 Kb4 56. h5 a5 57. h6 Kb3 58. h7
a4 59. h8=Q Ka2 60. Qc3 a3 61. Kf3 1-0

[Event "17e tournoi d'automne - tournoi B"]
[Site "Montigny le Bretonneux"]
[Date "2018.10.26"]
[Round "7.1"]
[White "Couronne, Patrice"]
[Black "Fayolle, Guy"]
[Result "0-1"]
[WhiteElo "1614"]
[BlackElo "1677"]
[Annotator "Rivier,Sylvain"]
[PlyCount "90"]
[EventDate "2018.??.??"]

{D�fense est-indienne, attaque des quatre pions} 1. d4 Nf6 2. c4 g6 3. Nc3 Bg7
4. e4 d6 5. Be2 O-O 6. f4 c5 7. d5 a6 8. g4 e6 9. g5 Ne8 10. h4 h5 11. Bxh5
gxh5 12. Qxh5 Bh8 13. Nh3 Bxc3+ 14. bxc3 exd5 15. f5 Qe7 16. Nf2 Bxf5 17. O-O
dxe4 18. Be3 Nd7 19. Ng4 Bxg4 20. Qxg4 Qe6 21. Qg3 Ne5 22. Rf4 Nxc4 23. Rf6 Qe7
24. Rc1 Ne5 25. Rd1 Rd8 26. Rdf1 Qd7 27. R1f4 Ng6 28. Rxe4 Nxf6 29. gxf6 Qf5
30. Rf4 Qh5 31. Rg4 Kh8 32. Rg5 Qh7 33. h5 Rg8 34. hxg6 Rxg6 35. Rxg6 Qxg6 36.
Qxg6 fxg6 37. Bh6 Kg8 38. f7+ Kxf7 39. Bg5 Re8 40. Kf2 Re4 41. Kf3 d5 42. Bd8
Ra4 43. Bb6 c4 44. Ke3 Rxa2 45. Kd4 Ke6 0-1

[Event "17e tournoi d'automne - tournoi B"]
[Site "Montigny le Bretonneux"]
[Date "2018.10.26"]
[Round "7.2"]
[White "Fruchard, Alois"]
[Black "Couradin, Jean-Marie"]
[Result "1/2-1/2"]
[WhiteElo "1405"]
[BlackElo "1613"]
[Annotator "Rivier,Sylvain"]
[PlyCount "79"]
[EventDate "2018.??.??"]

{D�fense Benoni} 1. d4 e6 2. c4 c5 3. d5 exd5 4. cxd5 d6 5. Nc3 Nf6 6. e4 a6 7.
a4 g6 8. Bg5 Bg7 9. Be2 O-O 10. g4 Nbd7 11. Qd2 Qe8 12. f3 Ne5 13. h4 h5 14.
Bxf6 Bxf6 15. gxh5 gxh5 16. Qh6 Ng6 17. Qxh5 Kg7 18. f4 Rh8 19. Qf3 Bxh4+ 20.
Kd2 Qe7 21. Nh3 Bxh3 22. Rxh3 Rag8 23. Rah1 Nxf4 24. Qg4+ Ng6 25. Nd1 Bg5+ 26.
Kc2 Rxh3 27. Rxh3 Nf4 28. Re3 Ng6 29. Rg3 Bf6 30. Ne3 Kf8 31. Qc8+ Qe8 32.
Qxe8+ Kxe8 33. Nf5 Be5 34. Rb3 Nf4 35. Bc4 Rg2+ 36. Kb1 Rg1+ 37. Ka2 Rc1 38.
Ne3 Bd4 39. Nf5 Be5 40. Ne3 1/2-1/2

[Event "17e tournoi d'automne - tournoi B"]
[Site "Montigny le Bretonneux"]
[Date "2018.10.26"]
[Round "7.3"]
[White "Gazay, Didier"]
[Black "Sagon, Lancelot"]
[Result "1/2-1/2"]
[WhiteElo "1657"]
[BlackElo "1673"]
[Annotator "Rivier,Sylvain"]
[PlyCount "91"]
[EventDate "2018.??.??"]

{Ouverture anglaise, variante sicilienne ferm�e invers�e} 1. c4 e5 2. g3 Nf6 3.
Bg2 d6 4. d3 g6 5. Nc3 Bg7 6. e4 Nc6 7. Nge2 Be6 8. O-O O-O 9. h3 Qc8 10. Kh2
Ne7 11. Be3 c6 12. Rc1 Qd7 13. c5 d5 14. d4 exd4 15. Nxd4 dxe4 16. Qa4 Nfd5 17.
Nxe6 Qxe6 18. Qxe4 Qxe4 19. Bxe4 Rad8 20. Bxd5 Nxd5 21. Nxd5 cxd5 22. b4 d4 23.
Bf4 Rfe8 24. b5 d3 25. Rfd1 Re2 26. Be3 Rb2 27. a4 Rb3 28. Rc4 h6 29. h4 Kf8
30. Kg2 f5 31. b6 axb6 32. cxb6 Rd7 33. Rc8+ Kf7 34. a5 Rc3 35. Ra8 Ke6 36. Ra7
Kd6 37. Bf4+ Kc6 38. Ra8 Kd5 39. a6 bxa6 40. Rxa6 Rb7 41. Bc7 Bd4 42. Ra5+ Kc6
43. Ra8 Bxb6 44. Bxb6 Kxb6 45. Rd8 Kc6 46. R8xd3 1/2-1/2

[Event "17e tournoi d'automne - tournoi B"]
[Site "Montigny le Bretonneux"]
[Date "2018.10.26"]
[Round "7.4"]
[White "Vadillo, Torre Ismael"]
[Black "Flamand, Arthur"]
[Result "1-0"]
[WhiteElo "1622"]
[BlackElo "1495"]
[Annotator "Rivier,Sylvain"]
[PlyCount "90"]
[EventDate "2018.??.??"]

{Gambit dame} 1. d4 d5 2. c4 Nf6 3. cxd5 Qxd5 4. Nc3 Qd6 5. e4 e5 6. Nf3 exd4
7. e5 Qb4 8. a3 Qa5 9. Qxd4 Nfd7 10. Bc4 Nc6 11. Qe4 Ndxe5 12. Bb5 Be7 13. Qxe5
O-O 14. Bxc6 Qxe5+ 15. Nxe5 bxc6 16. Nxc6 Bd6 17. O-O Bb7 18. Nd4 Rfe8 19. Be3
Rab8 20. Ndb5 Ba6 21. Nxd6 cxd6 22. Rfd1 Rbd8 23. b4 Bc4 24. Bxa7 Rd7 25. Be3
d5 26. Bd4 f5 27. f4 Kf7 28. Kf2 h6 29. Re1 Bd3 30. Rad1 Be4 31. Bc5 Red8 32.
g3 g5 33. fxg5 hxg5 34. a4 Bc2 35. Rd2 Bb3 36. Bd4 Ra8 37. Re5 Kg6 38. a5 Rh8
39. Kg1 f4 40. gxf4 gxf4 41. Rg2+ Kf6 42. Rf5+ Ke6 43. Rxf4 Bc4 44. Rg6+ Ke7
45. Nxd5+ Rxd5 1-0

[Event "17e tournoi d'automne - tournoi B"]
[Site "Montigny le Bretonneux"]
[Date "2018.10.26"]
[Round "7.5"]
[White "Branson, James"]
[Black "Sondermeijer, Damien"]
[Result "0-1"]
[WhiteElo "1582"]
[BlackElo "1410"]
[Annotator "Rivier,Sylvain"]
[PlyCount "72"]
[EventDate "2018.??.??"]

{D�fense sicilienne, syst�me ferm�} 1. e4 c5 2. Nc3 Nc6 3. f4 g6 4. Nf3 Bg7 5.
Bc4 d6 6. O-O e6 7. d3 Nf6 8. Qe1 O-O 9. f5 d5 10. exd5 exd5 11. Bb3 Bxf5 12.
Qh4 Ng4 13. Bg5 Bf6 14. Nxd5 Bxg5 15. Nxg5 h6 16. Nf3 Qxh4 17. Nxh4 Be6 18. Nc7
Bxb3 19. Nxa8 Bxc2 20. Nc7 Nd4 21. Rae1 Bxd3 22. Rf4 Ne2+ 23. Kh1 Nxf4 24. g3
Nf2+ 25. Kg1 N2h3+ 26. Kh1 g5 27. Nf3 Rc8 28. Ne8 Nf2+ 29. Kg1 Ne4 30. Rxe4
Bxe4 31. Nf6+ Kh8 32. Nxe4 Nd3 33. h3 b6 34. Nfd2 Rd8 35. Kf1 Nc1 36. h4 f5 0-1

[Event "17e tournoi d'automne - tournoi B"]
[Site "Montigny le Bretonneux"]
[Date "2018.10.27"]
[Round "8.1"]
[White "Fayolle, Guy"]
[Black "Couradin, Jean-Marie"]
[Result "1-0"]
[WhiteElo "1677"]
[BlackElo "1613"]
[Annotator "Rivier,Sylvain"]
[PlyCount "73"]
[EventDate "2018.??.??"]

{D�fense fran�aise, variante Tarrasch ferm�e} 1. e4 e6 2. d4 d5 3. Nd2 Nf6 4.
e5 Nfd7 5. Ngf3 c5 6. c3 Nc6 7. Bd3 cxd4 8. cxd4 f6 9. exf6 Nxf6 10. O-O Bd6
11. Nb3 O-O 12. Bg5 Qc7 13. h3 h6 14. Be3 b6 15. Rc1 Bd7 16. Nh4 Be8 17. Ng6
Bxg6 18. Bxg6 Qd7 19. Nd2 e5 20. dxe5 Nxe5 21. Bb1 Rac8 22. Qb3 Kh8 23. f4 Nc6
24. Qd3 d4 25. Bf2 Bxf4 26. Rcd1 Be3 27. Ne4 Nb4 28. Qb3 Bxf2+ 29. Nxf2 Nc6 30.
Qd3 Rfe8 31. Ng4 Ne4 32. Rf4 Nb4 33. Qb3 d3 34. Qxb4 Ng3 35. Bxd3 Qxd3 36. Rxd3
Rc1+ 37. Kh2 1-0

[Event "17e tournoi d'automne - tournoi B"]
[Site "Montigny le Bretonneux"]
[Date "2018.10.27"]
[Round "8.2"]
[White "Sagon, Lancelot"]
[Black "Fruchard, Alois"]
[Result "1-0"]
[WhiteElo "1673"]
[BlackElo "1405"]
[Annotator "Rivier,Sylvain"]
[PlyCount "153"]
[EventDate "2018.??.??"]

{D�fense Pirc} 1. e4 d6 2. d4 Nf6 3. Nc3 g6 4. Nf3 Bg7 5. g3 O-O 6. Bg2 Bg4 7.
O-O Nc6 8. h3 Bxf3 9. Bxf3 e5 10. d5 Nd4 11. Bg2 Nd7 12. Be3 f5 13. Bxd4 exd4
14. Ne2 fxe4 15. Nxd4 Nc5 16. c3 Qe7 17. Re1 Qf6 18. Re2 Rae8 19. Qc2 Qe7 20.
Rae1 Qf7 21. Ne6 Nxe6 22. dxe6 Rxe6 23. Bxe4 Rf6 24. Bxb7 Qxa2 25. Qd2 Qa4 26.
Bd5+ Kh8 27. Qc2 Qb5 28. Bg2 Qb6 29. h4 Rf5 30. Ra1 Be5 31. Be4 R5f7 32. Kg2
Qc5 33. Rd1 c6 34. Rdd2 d5 35. Bxd5 cxd5 36. Rxe5 Rf5 37. Rxf5 Rxf5 38. Qd3 Qc6
39. Qd4+ Kg8 40. b4 a6 41. g4 Rf7 42. f3 Rd7 43. c4 Kf7 44. cxd5 Qd6 45. Qc4
Rc7 46. Qd4 Rb7 47. Qc5 Ke7 48. Re2+ Kd7 49. Qxd6+ Kxd6 50. Re6+ Kxd5 51. Rxa6
Kc4 52. Ra1 Kb5 53. Re1 Rc7 54. Kg3 Kxb4 55. Rb1+ Ka5 56. Rb8 Rd7 57. Kf4 Rf7+
58. Kg5 Ka6 59. Rh8 Kb5 60. Kh6 Rxf3 61. Rxh7 Rf4 62. Kg5 Rc4 63. Rg7 Kc6 64.
Rxg6+ Kd7 65. Rf6 Ke7 66. Rf1 Rc5+ 67. Kg6 Rc6+ 68. Kg7 Rc4 69. Re1+ Kd6 70.
Rg1 Ke5 71. h5 Kf4 72. g5 Kf5 73. g6 Rc7+ 74. Kh6 Rc6 75. Kh7 Rc7+ 76. g7 Kf6
77. Kh8 1-0

[Event "17e tournoi d'automne - tournoi B"]
[Site "Montigny le Bretonneux"]
[Date "2018.10.27"]
[Round "8.3"]
[White "Flamand, Arthur"]
[Black "Gazay, Didier"]
[Result "1-0"]
[WhiteElo "1495"]
[BlackElo "1657"]
[Annotator "Rivier,Sylvain"]
[PlyCount "45"]
[EventDate "2018.??.??"]

{Ouverture Bird} 1. f4 d5 2. e3 e5 3. fxe5 c5 4. Bb5+ Bd7 5. Bxd7+ Qxd7 6. d4
c4 7. Qf3 Nc6 8. a3 g6 9. Nc3 O-O-O 10. Nge2 g5 11. Rf1 Nh6 12. Qh5 Qg4 13.
Qxg4+ Nxg4 14. Rxf7 Nxh2 15. b4 Ne7 16. e4 h6 17. exd5 Nxd5 18. Nxd5 Rxd5 19.
e6 Bd6 20. Be3 g4 21. Nc3 Rh5 22. Ne4 Bc7 23. e7 1-0

[Event "17e tournoi d'automne - tournoi B"]
[Site "Montigny le Bretonneux"]
[Date "2018.10.27"]
[Round "8.4"]
[White "Sondermeijer, Damien"]
[Black "Vadillo, Torre Ismael"]
[Result "0-1"]
[WhiteElo "1410"]
[BlackElo "1622"]
[Annotator "Rivier,Sylvain"]
[PlyCount "60"]
[EventDate "2018.??.??"]

{D�but du fou} 1. e4 e5 2. Bc4 Be7 3. Qh5 Nh6 4. Qxe5 O-O 5. d3 d6 6. Qc3 Ng4
7. Nf3 Bf6 8. Qd2 Nc6 9. h3 Nge5 10. Nxe5 Nxe5 11. Bb3 Bh4 12. Nc3 Be6 13. Qe2
Bxb3 14. cxb3 f5 15. g3 fxe4 16. gxh4 Nxd3+ 17. Kf1 Rxf2+ 18. Qxf2 Nxf2 19.
Kxf2 Qxh4+ 20. Ke2 Qh5+ 21. Kd2 Qg5+ 22. Kd1 Qh5+ 23. Kc2 Qf3 24. Bd2 Qd3+ 25.
Kc1 e3 26. Bxe3 Qxe3+ 27. Kc2 Qf2+ 28. Kd3 Re8 29. b4 Re3+ 30. Kc4 Qxb2 0-1

[Event "17e tournoi d'automne - tournoi B"]
[Site "Montigny le Bretonneux"]
[Date "2018.10.27"]
[Round "8.5"]
[White "Couronne, Patrice"]
[Black "Branson, James"]
[Result "1-0"]
[WhiteElo "1614"]
[BlackElo "1582"]
[Annotator "Rivier,Sylvain"]
[PlyCount "99"]
[EventDate "2018.??.??"]

{Gambit de Budapest, variante Fajarowicz} 1. d4 Nf6 2. c4 e5 3. d5 Bc5 4. e3
O-O 5. a3 a5 6. Nf3 d6 7. Be2 Bf5 8. Nc3 Re8 9. Nh4 Qd7 10. Nxf5 Qxf5 11. O-O
h5 12. e4 Qg6 13. Qd3 Nbd7 14. Kh1 Bd4 15. f3 Nc5 16. Qc2 c6 17. Na4 Ra6 18.
Rb1 cxd5 19. cxd5 Nxd5 20. Bxa6 bxa6 21. Nxc5 dxc5 22. Qa4 Nf6 23. Qxa5 Re6 24.
Qe1 Rb6 25. b4 cxb4 26. Rxb4 Rc6 27. Bb2 Rc2 28. g3 Rxb2 29. Ra4 Rb6 30. Qd2
Nxe4 31. fxe4 Qxe4+ 32. Qg2 Qd3 33. Qf3 Qxf3+ 34. Rxf3 g5 35. h4 Rb1+ 36. Kg2
gxh4 37. gxh4 Rg1+ 38. Kh2 Rg6 39. Rg3 Kg7 40. Rxa6 Rg4 41. Rxg4+ hxg4 42. Kg3
f5 43. Rc6 Be3 44. a4 Bf4+ 45. Kg2 e4 46. a5 e3 47. a6 g3 48. a7 e2 49. Re6 Bd2
50. Rxe2 1-0

[Event "17e tournoi d'automne - tournoi B"]
[Site "Montigny le Bretonneux"]
[Date "2018.10.28"]
[Round "9.1"]
[White "Branson, James"]
[Black "Fayolle, Guy"]
[Result "0-1"]
[WhiteElo "1582"]
[BlackElo "1677"]
[Annotator "Rivier,Sylvain"]
[PlyCount "106"]
[EventDate "2018.??.??"]

{Partie espagnole, attaque anglaise} 1. e4 e5 2. Nf3 Nc6 3. Bb5 a6 4. Ba4 Nf6
5. O-O d6 6. Qe2 Be7 7. c3 O-O 8. Rd1 Bg4 9. d3 b5 10. Bc2 h6 11. Nbd2 Nh7 12.
Nf1 Bg5 13. Ne3 Bxe3 14. Qxe3 f5 15. exf5 Bxf5 16. Kh1 Nf6 17. h3 Qd7 18. Nh4
Bh7 19. g4 g5 20. Ng2 Ne7 21. Qg3 Kh8 22. Ne3 Ng6 23. b3 Qc6+ 24. Kh2 Nh4 25.
Kg1 Qxc3 26. Bd2 Qc6 27. Kf1 Nd5 28. Nxd5 Qxd5 29. Be3 Rf3 30. Qh2 Raf8 31. Ke2
Ng6 32. Rf1 Nf4+ 33. Ke1 Nxd3+ 34. Bxd3 Qxd3 35. Bd2 Qe4+ 36. Kd1 Qc2+ 37. Ke1
Rd3 38. f3 Rfxf3 39. Rxf3 Rxf3 40. Rc1 Qe4+ 41. Qe2 c5 42. Rc3 Rxc3 43. Qxe4
Bxe4 44. Bxc3 Bg2 45. Kf2 Bxh3 46. Kf3 Kg7 47. a4 bxa4 48. bxa4 Kf6 49. Ba5 d5
50. Bb6 c4 51. a5 c3 52. Be3 d4 53. Bc1 d3 0-1

[Event "17e tournoi d'automne - tournoi B"]
[Site "Montigny le Bretonneux"]
[Date "2018.10.28"]
[Round "9.2"]
[White "Couradin, Jean-Marie"]
[Black "Sagon, Lancelot"]
[Result "0-1"]
[WhiteElo "1613"]
[BlackElo "1673"]
[Annotator "Rivier,Sylvain"]
[PlyCount "144"]
[EventDate "2018.??.??"]

{D�but Ponziani} 1. e4 e5 2. Nf3 Nc6 3. c3 Nf6 4. d4 exd4 5. e5 dxc3 6. exf6
Qxf6 7. Nxc3 Bb4 8. Bd2 O-O 9. Be2 d6 10. O-O Be6 11. Bg5 Qg6 12. Nd5 Bxd5 13.
Qxd5 Bc5 14. Bd3 Qe6 15. Bc4 Qxd5 16. Bxd5 Nd4 17. Nxd4 Bxd4 18. Rab1 c6 19.
Bf3 d5 20. b4 a6 21. a4 f6 22. Be3 Bxe3 23. fxe3 Kf7 24. b5 Rfe8 25. Kf2 axb5
26. axb5 Ra2+ 27. Kg1 Rxe3 28. bxc6 bxc6 29. Rb7+ Re7 30. Rb6 Rc2 31. Ra1 Ke6
32. Re1+ Kd6 33. Rd1 Re5 34. Rb7 Re7 35. Rb8 g6 36. Rc8 Re5 37. h3 Kd7 38. Ra8
Kd6 39. Rda1 Re7 40. R1a6 f5 41. R8a7 h6 42. Rxe7 Kxe7 43. Kf1 Ke6 44. Ke1 Ke5
45. Ra4 Rb2 46. Ra6 Kd6 47. Ra7 Ke6 48. Rh7 h5 49. Rg7 Kf6 50. Rc7 Rb6 51. Kd2
Ke5 52. Kc3 h4 53. Re7+ Kf4 54. Re6 g5 55. Bxd5 g4 56. hxg4 fxg4 57. Bxc6 Kg3
58. Kd4 Rxc6 59. Rxc6 Kxg2 60. Rc2+ Kf3 61. Rc3+ Kg2 62. Rc2+ Kf3 63. Rc3+ Kg2
64. Ke3 h3 65. Rc2+ Kg3 66. Rc1 h2 67. Rd1 Kg2 68. Rd2+ Kh3 69. Rd1 g3 70. Rd6
h1=Q 71. Rh6+ Kg2 72. Rxh1 Kxh1 0-1

[Event "17e tournoi d'automne - tournoi B"]
[Site "Montigny le Bretonneux"]
[Date "2018.10.28"]
[Round "9.3"]
[White "Gazay, Didier"]
[Black "Sondermeijer, Damien"]
[Result "0-1"]
[WhiteElo "1657"]
[BlackElo "1410"]
[Annotator "Rivier,Sylvain"]
[PlyCount "106"]
[EventDate "2018.??.??"]

{Ouverture anglaise, d�fense Caro-Kann} 1. c4 c6 2. g3 d5 3. Bg2 Nf6 4. cxd5
cxd5 5. Nf3 e6 6. O-O Nc6 7. d3 Bd7 8. b3 Be7 9. Bb2 O-O 10. e3 Rc8 11. Nc3 a6
12. Ne2 Bd6 13. a3 b5 14. h3 Ne7 15. Ne5 Ng6 16. Nxd7 Nxd7 17. f4 Ne7 18. e4
dxe4 19. dxe4 Bc7 20. Kh2 e5 21. f5 f6 22. b4 Nb6 23. Qb3+ Nc4 24. Rad1 Bd6 25.
Bc1 Kh8 26. g4 a5 27. Ng3 Nc6 28. Rd5 Nd4 29. Qa2 Nb6 30. bxa5 Nxd5 31. Qxd5
Rc5 32. Qa2 Qxa5 33. Bd2 Qa6 34. Bb4 Rc2 35. Qb1 Rc4 36. Bd2 Qxa3 37. g5 Bb4
38. Bc1 Qa7 39. gxf6 gxf6 40. Bh6 Rf7 41. Qd1 Bf8 42. Qh5 Bxh6 43. Qxh6 Qb8 44.
Rg1 Qf8 45. Qh4 Rc2 46. Kh1 Qg7 47. Nf1 Qg5 48. Qe1 Rg7 49. h4 Nf3 50. hxg5
Nxe1 51. Ne3 Re2 52. Bh3 Rxe3 53. Kh2 Nf3+ 0-1

[Event "17e tournoi d'automne - tournoi B"]
[Site "Montigny le Bretonneux"]
[Date "2018.10.28"]
[Round "9.4"]
[White "Vadillo, Torre Ismael"]
[Black "Couronne, Patrice"]
[Result "0-1"]
[WhiteElo "1622"]
[BlackElo "1614"]
[Annotator "Rivier,Sylvain"]
[PlyCount "94"]
[EventDate "2018.??.??"]

{D�fense est-indienne, variante du fianchetto} 1. d4 Nf6 2. Nf3 d6 3. c4 g6 4.
Nc3 Bg7 5. g3 O-O 6. Bg2 c6 7. O-O Be6 8. d5 cxd5 9. cxd5 Bf5 10. Nd4 Bd7 11.
e4 Qb6 12. Nf3 Na6 13. Rb1 Ng4 14. Bd2 Nc5 15. h3 Ne5 16. Nxe5 Bxe5 17. Be3 Qa6
18. Qd2 b5 19. Bd4 Bxd4 20. Qxd4 Qc8 21. Kh2 a5 22. f4 b4 23. Ne2 Bb5 24. Rf2
Nd3 25. Rf3 Qc2 26. Ra1 Qxe2 27. Re3 Qxb2 28. Rxd3 Qxd4 29. Rxd4 Rac8 30. Rdd1
Rc2 31. e5 Rfc8 32. g4 Be2 33. Re1 Bf3 34. Rg1 Bxd5 35. Kh1 Bxg2+ 36. Rxg2 Rxg2
37. Kxg2 Rc2+ 38. Kf3 dxe5 39. fxe5 Rc3+ 40. Kf4 Rxh3 41. Rd1 e6 42. Kg5 Kg7
43. a4 Ra3 44. Rh1 Rxa4 45. Rh6 b3 46. Rh2 Rb4 47. Rh5 Rxg4+ 0-1

[Event "17e tournoi d'automne - tournoi B"]
[Site "Montigny le Bretonneux"]
[Date "2018.10.28"]
[Round "9.5"]
[White "Fruchard, Alois"]
[Black "Flamand, Arthur"]
[Result "1-0"]
[WhiteElo "1405"]
[BlackElo "1495"]
[Annotator "Rivier,Sylvain"]
[PlyCount "101"]
[EventDate "2018.??.??"]

{Gambit de Budapest, variante principale} 1. d4 Nf6 2. c4 e5 3. dxe5 Ng4 4. Nf3
Nc6 5. Bg5 Be7 6. Bxe7 Qxe7 7. Nc3 Ngxe5 8. Nxe5 Qxe5 9. e3 O-O 10. Be2 Ne7 11.
Qc2 d5 12. cxd5 Nxd5 13. Nxd5 Qxd5 14. Bf3 Qa5+ 15. Qc3 Qxc3+ 16. bxc3 a5 17.
Rb1 Ra7 18. Ke2 b6 19. Rhd1 Ba6+ 20. Ke1 Bc4 21. Bd5 Bxd5 22. Rxd5 Rb8 23. Rbd1
Kf8 24. R1d4 g6 25. Rd7 Ke8 26. R7d5 Ke7 27. Re4+ Kf6 28. Rd7 h5 29. Ree7 Rbb7
30. Rxf7+ Ke6 31. c4 b5 32. c5 b4 33. e4 Ke5 34. Rfe7+ Kf4 35. g3+ Kf3 36. e5
b3 37. Rd3+ Ke4 38. Rxb3 Rxb3 39. axb3 Kd5 40. Kd2 Kxc5 41. Rg7 Kb4 42. Kc2 Ra6
43. Rxc7 Re6 44. f4 g5 45. Rc4+ Kb5 46. Kc3 gxf4 47. gxf4 Rg6 48. f5 Rg5 49.
Rf4 Kc6 50. f6 Kd7 51. f7 1-0